| 000 | 00584nam a2200193 4500 | ||
|---|---|---|---|
| 003 | CO-ViMGA | ||
| 020 | _a978-958-8826-05-9 | ||
| 040 |
_aCO-ViMGA _bspa _cCO-ViMGA |
||
| 082 |
_a883.01 _bH65i |
||
| 100 | 1 |
_aHomero, _ds. IX a.C. _97785 |
|
| 245 | 1 | 0 |
_aLa iliada / _cHomero |
| 260 |
_aBogotá : _bMundo Litográfico, _c2014 |
||
| 300 |
_a95 p. : il. ; _b22 cm |
||
| 490 |
_aColección obra literarias universales ; _v5 |
||
| 500 | _aContiene datos biográficos del autor | ||
| 650 | 1 | 4 |
_aLibros ilustrados para niños _987 |
| 650 | 1 | 4 |
_aPoesía épica griega _97786 |
| 942 |
_2ddc _cBK |
||
| 999 |
_c11119 _d11119 |
||